[Event "AUTO-MASTER-460"]
[Site "http://www.queenalice.com/game.php?id=410713"]
[Date "2008.5.30"]
[Round "2"]
[White "marcos_excel"]
[Black "IRAN_SILVA"]
[Result "1-0"]
[WhiteElo "1979"]
[BlackElo "1978"]

1. Nc3 e5 2. d4 exd4 3. Qxd4 Nc6 4. Qe3+ Nge7 5. Bd2 d5 6. Nb5 g6 7. Qf4 Nf5 8.
Nxc7+ Qxc7 9. Qxc7 Bd6 10. Qxd6 Nxd6 11. Nf3 Ne4 12. Be3 Nb4 13. Nd4 Bd7 14. a3
Nc6 15. Nb5 O-O 16. Bh6 Rfc8 17. f3 Ne5 18. Nd4 Nd6 19. O-O-O Nf5 20. Bg5 Rc7
21. Bf4 f6 22. Nxf5 Bxf5 23. Rd2 Rac8 24. c3 1-0

[Event "AUTO-MASTER-460"]
[Site "http://www.queenalice.com/game.php?id=410714"]
[Date "2008.5.30"]
[Round "2"]
[White "IRAN_SILVA"]
[Black "marcos_excel"]
[Result "0-1"]
[WhiteElo "1995"]
[BlackElo "1962"]

1. Nf3 Nc6 2. e4 d5 3. exd5 Qxd5 4. Nc3 Qe6+ 5. Be2 Bd7 6. d4 Qg6 7. O-O O-O-O
8. Be3 Bh3 9. Nh4 Qf6 10. Bg4+ e6 11. Bxh3 Qxh4 12. d5 Nf6 13. Qf3 Ne5 14. Qd1
Nc4 15. Bc1 Kb8 16. b3 Nb6 17. Be3 Nbxd5 18. a3 Be7 19. Nxd5 exd5 20. Bd4 Bd6
21. b4 Rhe8 22. c3 a6 23. Qa4 Ng4 24. b5 Bxh2+ 0-1

[Event "AUTO-ADV-789"]
[Site "http://www.queenalice.com/game.php?id=439453"]
[Date "2008.7.26"]
[Round "2"]
[White "Soncini"]
[Black "IRAN_SILVA"]
[Result "1-0"]
[WhiteElo "1764"]
[BlackElo "1836"]

1. d4 d5 2. e3 Nf6 3. Bd3 c5 4. c3 Nc6 5. f4 e6 6. Nd2 c4 7. Bc2 b5 8. Ngf3 a5
9. O-O b4 10. Ne5 Bb7 11. Qf3 a4 12. Nxc6 Bxc6 13. g4 b3 14. axb3 axb3 15. Rxa8
Qxa8 16. Bb1 Qa1 17. g5 Nd7 18. f5 e5 19. dxe5 Nxe5 20. Qf4 Bd6 21. e4 Kd7 22.
Qe3 Qa5 23. Qh3 Qc5+ 24. Kg2 f6 25. exd5 Bxd5+ 26. Be4 Nf7 27. Bxd5 Qxd5+ 28.
Qf3 Qxf3+ 29. Rxf3 Nxg5 30. Rf1 1-0

[Event "AUTO-ADV-789"]
[Site "http://www.queenalice.com/game.php?id=439454"]
[Date "2008.7.26"]
[Round "2"]
[White "IRAN_SILVA"]
[Black "Soncini"]
[Result "0-1"]
[WhiteElo "1817"]
[BlackElo "1783"]

1. d4 Nf6 2. c4 d5 3. cxd5 Qxd5 4. Nc3 Qa5 5. Bd2 c6 6. e3 e6 7. Nf3 Bb4 8. Bd3
Nd5 9. Qc2 Nxc3 10. bxc3 Be7 11. O-O Qh5 12. Rfb1 Nd7 13. a4 g5 14. Be2 g4 15.
Ne1 Bd6 16. g3 f5 17. Ng2 Qf7 18. e4 O-O 19. e5 Bc7 20. Nf4 Nb6 21. c4 Bd8 22.
a5 Nd7 23. Kg2 Re8 24. h3 Bg5 25. hxg4 Bxf4 26. Bxf4 Nf8 27. Rh1 Ng6 28. Bg5 Bd7
29. Rh6 c5 30. Qd2 Bc6+ 31. Kg1 Rad8 0-1

[Event "AUTO-ADV-789"]
[Site "http://www.queenalice.com/game.php?id=439457"]
[Date "2008.7.26"]
[Round "2"]
[White "IRAN_SILVA"]
[Black "Chris93"]
[Result "0-1"]
[WhiteElo "1844"]
[BlackElo "2148"]

1. d4 Nf6 2. c4 Nc6 3. Nf3 e6 4. Nc3 Bb4 5. Qc2 d5 6. a3 Bxc3+ 7. Qxc3 O-O 8.
Bg5 h6 9. Bh4 g5 10. Bg3 Ne4 11. Qc2 f5 12. Be5 dxc4 13. g4 Qd5 14. Bg2 Nxe5 15.
dxe5 fxg4 16. Nd2 Qxd2+ 17. Qxd2 Nxd2 18. Kxd2 Rxf2 0-1

[Event "AUTO-ADV-789"]
[Site "http://www.queenalice.com/game.php?id=439458"]
[Date "2008.7.26"]
[Round "2"]
[White "Chris93"]
[Black "IRAN_SILVA"]
[Result "1-0"]
[WhiteElo "2151"]
[BlackElo "1840"]

1. e4 c6 2. Nc3 d5 3. Qf3 dxe4 4. Nxe4 e5 5. Bc4 f5 6. d3 Nf6 7. Nxf6+ Qxf6 8.
Bd2 Nd7 9. O-O-O Nb6 10. Bb3 Be6 11. Bxe6 Qxe6 12. Kb1 Be7 13. Ne2 Nd5 14. Rhe1
O-O 15. c4 Nf6 16. Nd4 Qd7 17. Nxf5 Bd6 18. Nxd6 Qxd6 19. Bc3 1-0

[Event "AUTO-OPEN-1079"]
[Site "http://www.queenalice.com/game.php?id=447325"]
[Date "2008.8.11"]
[Round "2"]
[White "salso"]
[Black "IRAN_SILVA"]
[Result "1-0"]
[WhiteElo "1913"]
[BlackElo "1800"]

1. d4 Nf6 2. Bf4 e6 3. f3 Nc6 4. e4 d6 5. Bb5 Bd7 6. c4 Be7 7. Nc3 O-O 8. Nge2
a6 9. Bxc6 Bxc6 10. O-O Bd7 11. e5 Nh5 12. exd6 Nxf4 13. dxe7 Nxe2+ 14. Qxe2
Qxe7 15. a3 Qf6 16. Rad1 Rfe8 17. Qe5 Qxe5 18. dxe5 Bc6 19. Kf2 Kf8 20. Ke3 Ke7
21. g3 Red8 22. Rxd8 Rxd8 23. Rd1 Rxd1 24. Nxd1 Ba4 25. Nf2 Bb3 26. Kd4 a5 27.
Ne4 1-0

[Event "AUTO-OPEN-1079"]
[Site "http://www.queenalice.com/game.php?id=447326"]
[Date "2008.8.11"]
[Round "2"]
[White "IRAN_SILVA"]
[Black "salso"]
[Result "0-1"]
[WhiteElo "1947"]
[BlackElo "2035"]

1. e4 e5 2. Nf3 f5 3. Bc4 fxe4 4. Nxe5 d5 5. Qh5+ g6 6. Nxg6 hxg6 7. Qxh8 Kf7 8.
Qd4 Be6 9. Be2 c5 10. Qa4 Qg5 11. g3 Bg7 12. d3 Qxc1+ 0-1

[Event "AUTO-OPEN-1315"]
[Site "http://www.queenalice.com/game.php?id=483453"]
[Date "2008.10.26"]
[Round "1"]
[White "Chazam"]
[Black "IRAN_SILVA"]
[Result "1-0"]
[WhiteElo "1595"]
[BlackElo "1871"]

1. e4 e5 2. d3 Nf6 3. Qf3 Nc6 4. Nc3 Be7 5. Be3 Nd4 6. Bxd4 exd4 7. Nb5 c5 8.
Nh3 Qa5+ 9. c3 Qxb5 10. Rb1 dxc3 11. d4 Qb4 12. Qxc3 Qxc3+ 13. bxc3 Nxe4 14. Rc1
1-0

[Event "AUTO-OPEN-1315"]
[Site "http://www.queenalice.com/game.php?id=483454"]
[Date "2008.10.26"]
[Round "1"]
[White "IRAN_SILVA"]
[Black "Chazam"]
[Result "0-1"]
[WhiteElo "1900"]
[BlackElo "1566"]

1. e4 e5 2. Nf3 f6 3. d4 exd4 4. Nxd4 Bd6 5. Bc4 Be5 6. Nc3 Nc6 7. Be3 Nxd4 8.
Bxd4 Bxd4 9. Qxd4 d6 10. O-O Ne7 11. f4 Nc6 12. Qe3 Qe7 13. Nd5 Qd7 0-1

[Event "AUTO-OPEN-1315"]
[Site "http://www.queenalice.com/game.php?id=483477"]
[Date "2008.10.26"]
[Round "1"]
[White "andresalles"]
[Black "IRAN_SILVA"]
[Result "0-1"]
[WhiteElo "1939"]
[BlackElo "1935"]

1. e4 e5 2. Bc4 Nf6 3. Nf3 Nc6 4. Ng5 d5 5. exd5 Nd4 6. d6 Qxd6 7. Nxf7 Qc6 8.
b3 Qxg2 9. Nxh8 Qxh1+ 10. Bf1 Qe4+ 11. Be2 Nf3+ 12. Kf1 Bh3# 0-1

[Event "AUTO-OPEN-1315"]
[Site "http://www.queenalice.com/game.php?id=483478"]
[Date "2008.10.26"]
[Round "1"]
[White "IRAN_SILVA"]
[Black "andresalles"]
[Result "0-1"]
[WhiteElo "1951"]
[BlackElo "1864"]

1. e4 e5 2. Nf3 Nc6 3. Nc3 Bc5 4. Bc4 h6 5. d3 Nf6 6. Be3 Bxe3 7. fxe3 d6 8. d4
Bg4 9. O-O O-O 10. h3 Bxf3 11. Rxf3 a6 12. a3 Qe7 13. d5 Na5 14. Ba2 b5 0-1

[Event "AUTO-OPEN-1315"]
[Site "http://www.queenalice.com/game.php?id=483493"]
[Date "2008.10.26"]
[Round "1"]
[White "IRAN_SILVA"]
[Black "phystutordotcom"]
[Result "0-1"]
[WhiteElo "1919"]
[BlackElo "2020"]

1. e4 g6 2. d4 Bg7 3. Nc3 d6 4. h3 Nd7 5. Nf3 e5 6. Be3 Ngf6 7. dxe5 dxe5 8. Be2
O-O 9. O-O c6 10. a4 a5 11. Bc4 Nh5 0-1

[Event "AUTO-OPEN-1315"]
[Site "http://www.queenalice.com/game.php?id=483494"]
[Date "2008.10.26"]
[Round "1"]
[White "phystutordotcom"]
[Black "IRAN_SILVA"]
[Result "1-0"]
[WhiteElo "2007"]
[BlackElo "1932"]

1. Nf3 Nf6 2. d3 d5 3. Nbd2 Nc6 4. g3 e5 5. e4 Bc5 6. Bg2 dxe4 7. dxe4 O-O 8.
O-O Be6 9. c3 Qd3 10. Ne1 Qa6 11. b4 1-0

[Event "AUTO-OPEN-976"]
[Site "http://www.queenalice.com/game.php?id=485621"]
[Date "2008.10.31"]
[Round "3"]
[White "IRAN_SILVA"]
[Black "QuickQuickSlow"]
[Result "0-1"]
[WhiteElo "1907"]
[BlackElo "2213"]

1. e4 c5 2. Nc3 d6 3. f4 Nc6 4. Nf3 Nf6 5. Bb5 Bd7 6. O-O e6 7. d3 Be7 8. e5
dxe5 9. fxe5 Nd5 10. Ne4 O-O 0-1